Epidemiology and management of the Geminivirus-White fly complex in food cropping systems in Central America /
Sin resumen
Guardat en:
| Autor corporatiu: | , |
|---|---|
| Format: | Text |
| Publicat: |
s. l.:
Mc Knight Foundation
|
| Etiquetes: |
Afegir etiqueta
Sense etiquetes, Sigues el primer a etiquetar aquest registre!
|
MARC
| LEADER | 00000 a a2200000 04500 | ||
|---|---|---|---|
| 001 | 5837 | ||
| 003 | |||
| 040 | |||
| 090 | |a 124000 | ||
| 110 | |a Mc Knight Foundation. | ||
| 245 | |a Epidemiology and management of the Geminivirus-White fly complex in food cropping systems in Central America / |c Mc Knight Foundation. | ||
| 260 | |a s. l.: |b Mc Knight Foundation | ||
| 300 | |a 72 p | ||
| 300 | |b **no definido** | ||
| 520 | |a Sin resumen | ||
| 710 | |a Collaborative Crop Research Program | ||
| 999 | |c 13977 |d 13977 | ||
